000
00328nam a22001457a 4500
008
230123b ||||| |||| 00| 0 eng d
020
_a
9780817370084
041
_a
eng
080
_2
volume 21
_a
7
082
_a
7WAL
100
_a
19
101
_a
ART
245
_a
RITUAL RELIGION AND THEATRE
_c
WALLACE B E
942
_2
udc
_c
BK
999
_c
59251
_d
59251